Les français en NBA (Saison 2018-2019) - Statistiques

Statistiques générales
  • Ce quiz a été pris 952 fois
  • Le résultat moyen est 6 sur 10
Statistiques - réponses
Joueur Equipe % Correct
Rudy Gobert Utah Jazz
93%
Evan Fournier Orlando Magic
90%
Nicolas Batum Charlotte Hornets
90%
Tony Parker Charlotte Hornets
81%
Frank Ntilikina New York Knicks
62%
Elie Okobo Phoenix Suns
48%
Guerschon Yabusele Boston Celtics
43%
Ian Mahinmi Washington Wizards
41%
Alexis Ajinça New Orleans Pelicans
34%
Timothé Luwawu-Cabarrot Oklahoma CIty Thunder
32%
Aucun quiz correspondant
Distribution des résultats
% des personnes avec chaque résultat
Percentile par nombre de réponses
Votre historique - résultats
Vous n’avez pas pris ce quiz